| 000 | 00954nam a22002177a 4500 | ||
|---|---|---|---|
| 005 | 20250130090914.0 | ||
| 008 | 250130b |||||||| |||| 00| 0 eng d | ||
| 020 | _a978-93-93317-68-1 (hbk) | ||
| 037 | _cTB | ||
| 040 |
_aAL _cAL |
||
| 041 |
_2hin _ahin |
||
| 084 |
_aLB 152R4 _qAL |
||
| 100 | _aरस्तोगी , अंशुला | ||
| 245 | _aसामान्य रोगों का आयुर्वेदिक उपचार | ||
| 260 |
_aनई दिल्ली, भारत: _bहिन्द प्रकाशन, _c2024 |
||
| 300 | _a240 पृ0 | ||
| 365 |
_b1200.00 _cINR |
||
| 650 | _aवेद - आयुर्वेद | ||
| 942 |
_2CC _cTB _hLB 152R4 _n0 |
||
| 999 |
_c1238306 _d1238306 |
||